| 000 | 00591nam a2200193 i 4500 | ||
|---|---|---|---|
| 001 | 56642 | ||
| 003 | ES-MaACL | ||
| 005 | 20260518181500.0 | ||
| 007 | t| | ||
| 008 | 031010s1972 sp ||||1| spa d | ||
| 100 | 1 |
_aBlixen, Karen, _d1885-1962 _944835 |
|
| 245 | 1 | 4 |
_aLas cariátides y otros cuentos góticos / _cIsak Dinesen (seud.) ; [traducción de Andrés Ruiz Tarazona]. |
| 250 | _a[1ª ed.]. | ||
| 260 |
_a[Barcelona] : _bBarral, _c1972. |
||
| 300 |
_a254 p. ; _c20 cm. |
||
| 700 | 1 |
_aRuiz Tarazona, Andrés. _9100932 |
|
| 852 |
_aES-MaACL _jC-43557 _bR.82429 |
||
| 999 |
_c56642 _d56642 |
||